[Event "SM-2021-0-00444"]
[Site "LSS email"]
[Date "2021.05.04"]
[Round "?"]
[White "Oliveira, Diogo"]
[Black "Dorer, Manfred"]
[Result "1/2-1/2"]
[WhiteElo "2220"]
[BlackElo "2316"]
[PlyCount "65"]
[EventDate "2021.02.18"]
[EventType "tourn (corr)"]
[EventRounds "6"]
[EventCountry "GER"]
[SourceTitle "Corr 2024"]
[Source "ChessBase"]
[SourceDate "2023.10.19"]
[SourceVersion "1"]
[SourceVersionDate "2023.10.19"]
[SourceQuality "1"]

1. e4 c5 2. Nf3 d6 3. d4 cxd4 4. Nxd4 Nf6 5. Nc3 a6 6. Bg5 e6 7. f4 Qb6 8. Qd2 Qxb2 9. Rb1 Qa3 10. f5 Nc6 11. fxe6 fxe6 12. Nxc6 bxc6 13. Be2 Be7 14. 0-0 0-0 15. Rb3 Qc5+ 16. Be3 Qe5 17. Bf4 Qc5+ 18. Kh1 d5 19. e5 Nd7 20. Na4 Qa7 21. Qc3 Nc5 22. Nxc5 Bxc5 23. Qh3 a5 24. Rbf3 Ba6 25. Bxa6 Qxa6 26. Qxe6+ Kh8 27. h4 Qc8 28. Qxc8 Raxc8 29. Kh2 Kg8 30. Kh3 Be7 31. Rb1 Rb8 32. Rxb8 Rxb8 33. e6 1/2-1/2

[Event "GER-ch51 final email"]
[Site "GER email"]
[Date "2021.01.18"]
[Round "?"]
[White "Dorer, Manfred"]
[Black "Droessler, Uwe"]
[Result "1/2-1/2"]
[WhiteElo "2181"]
[BlackElo "2091"]
[PlyCount "46"]
[EventDate "2021.??.??"]
[EventType "tourn (corr)"]
[EventRounds "14"]
[EventCountry "GER"]
[SourceTitle "Corr 2024"]
[Source "ChessBase"]
[SourceDate "2023.10.19"]
[SourceVersion "1"]
[SourceVersionDate "2023.10.19"]
[SourceQuality "1"]

1. d4 Nf6 2. c4 e6 3. Nf3 b6 4. g3 Ba6 5. b3 Bb4+ 6. Bd2 Be7 7. Bg2 c6 8. Bc3 d5 9. Nbd2 Nbd7 10. 0-0 0-0 11. Re1 c5 12. e4 dxe4 13. Nxe4 Bb7 14. Nfg5 cxd4 15. Bxd4 Qc7 16. Nxf6+ Bxf6 17. Bxf6 Nxf6 18. Bxb7 Qxb7 19. Qe2 h6 20. Nf3 Rfd8 21. Rad1 a6 22. Rxd8+ Rxd8 23. Rd1 Rxd1+ 1/2-1/2

[Event "GER-ch52 V04 email"]
[Site "GER email"]
[Date "2020.04.16"]
[Round "?"]
[White "Lukas, Norbert"]
[Black "Dorer, Manfred"]
[Result "1/2-1/2"]
[WhiteElo "2373"]
[BlackElo "2391"]
[PlyCount "57"]
[EventDate "2020.??.??"]
[EventType "tourn (corr)"]
[EventRounds "10"]
[EventCountry "GER"]
[SourceTitle "Corr 2022"]
[Source "ChessBase"]
[SourceDate "2021.10.24"]
[SourceVersion "1"]
[SourceVersionDate "2021.10.24"]
[SourceQuality "1"]

1. e4 c5 2. Nf3 Nc6 3. Bb5 e6 4. 0-0 Nge7 5. c3 a6 6. Ba4 b5 7. Bc2 Bb7 8. Re1 Rc8 9. a4 b4 10. d4 Ng6 11. d5 Na5 12. Bg5 Be7 13. Bxe7 Qxe7 14. Nbd2 0-0 15. c4 d6 16. b3 Rce8 17. Nf1 Bc8 18. Rb1 Qd8 19. Ng3 e5 20. Nf5 Qf6 21. g3 Ne7 22. N3h4 g6 23. Ne3 Qg7 24. Kh1 Qh6 25. Qe2 f5 26. exf5 gxf5 27. Rg1 Kh8 28. Neg2 Ng6 29. f3 1/2-1/2